K-pop: IVE Members - Images - Statistics

General Stats
  • This quiz has been taken 45 times
  • The average score is 6 of 6
Answer Stats
Picture Answer % Correct
Gaeul
100%
Yujin
100%
Liz
97%
Wonyoung
94%
Rei
91%
Leeseo
82%
No matching quizzes found
Score Distribution
Percent of People with Each Score
Percentile by Number Answered
Your Score History
You have not taken this quiz